Statistiques concernant Les parcours de l'équipe de France de football depuis 1982

Cliquez ici pour prendre le quiz!

Statistiques générales

  • Ce quiz a été pris 48 fois
  • Le résultat moyen est 11 sur 21

Statistiques - réponses

HintRéponse% Correct
CDM 2022Finaliste
80%
CDM 2018Vainqueur
75%
Euro 1984Vainqueur
73%
Euro 2016Finaliste
70%
CDM 1998Vainqueur
68%
Euro 2000Vainqueur
68%
CDM 1982Quatrième
64%
CDM 1986Troisième
61%
CDM 2006Finaliste
59%
CDM 2014Quart de finales
59%
Euro 2020Huitièmes de finales
55%
Euro 2012Quart de finales
43%
CDM 20101er tour
41%
CDM 20021er tour
41%
Euro 2004Quart de finales
41%
Euro 20081er tour
39%
Euro 1996Demi-finales
39%
CDM 1994Absent
36%
Euro 19921er tour
32%
CDM 1990Absent
32%
Euro 1988Absent
32%

Distribution des résultats

Percentile par nombre de réponses

% des personnes avec chaque résultat

Votre développement - résultats

Vous n’avez pas pris ce quiz